| 000 | 00000cas 2200000za 4500 |
| 001 | 9.502309 |
| 003 | CaOODSP |
| 005 | 20260402100205 |
| 007 | cr ||||||||||| |
| 008 | 150406c20079999onc x p o f0 b0fre|d |
| 022 | |a1916-5722 |
| 040 | |aCaOODSP|bfre |
| 043 | |an-cn--- |
| 086 | 1 |aSB3-2F-PDF |
| 222 | 0|aLa tenue de documents et la gouvernance dans le monde |
| 245 | 03|aLa tenue de documents et la gouvernance dans le monde |h[ressource électronique]. |
| 260 | |a[Ottawa : |bBibliothèque et Archives Canada], |c2007- |
| 310 | |aIrrégulier |
| 362 | 1 |aParaît depuis : vol. 1, no 1 (juin 2007). |
| 500 | |aPubli. aussi en anglais sous le titre : Governance and recordkeeping around the world. |
| 692 | 0 |2gccst|aGouvernance |
| 692 | 0 |2gccst|aGestion des documents |
| 710 | 2 |aBibliothèque et archives Canada. |
| 775 | 08|tGovernance and recordkeeping around the world |w(CaOODSP)9.505907 |